| 000 | 00898nam a22002897a 4500 | ||
|---|---|---|---|
| 001 | 5446 | ||
| 003 | FISKH | ||
| 005 | 20241206143225.0 | ||
| 008 | 241206b cb ||||| |||| 00| 0 eng d | ||
| 020 | _a9780439643573 | ||
| 040 |
_aFISKH _beng _cFISKH _dFISKH |
||
| 050 | _aPT5398 | ||
| 082 | _a808 | ||
| 100 | _aZullo, Allan | ||
| 245 |
_aWorld's dumbest crooks / _cby Allan Zullo |
||
| 250 | _aFirst Scholastic printing, January 2004 | ||
| 260 |
_aNew York : _bScholastic ; _c1998. |
||
| 300 |
_a96 pages : _billustrations ; _c20 cm . |
||
| 505 | _aZ | ||
| 520 | _aYou won't believe some of the bird-brained things people have done. This book is packed with stories that are ridiculous, outrageous--and true! | ||
| 521 | 8 |
_a950
_bLexile |
|
| 521 | 8 |
_aZ
_bRaz-Plus |
|
| 650 |
_achildren's _vfiction |
||
| 650 |
_aCrime _vfiction |
||
| 942 |
_2ddc _cBK _n0 |
||
| 999 |
_c5446 _d5446 |
||